000 00499nam a2200145Ia 4500
008 140724s9999 xx 000 0 und d
050 _aQA 76.9.D3
_b.D326 2012
100 _aDe Jesus, Darren C.
245 _aAutomated stock management system for Consoelo's Pharmacy /
_cDarren C. De Jesus.
260 _aLas PiƱas, Philippines :
_bSouthville International School and Colleges,
_cc2012.
300 _a37 p. :
_bill. ;
_c28 cm.
521 _aInformation Technology
942 _cTH
999 _c228722
_d228722